书目信息 |
| 题名: |
反应工程原理
|
|
| 作者: | 罗康碧 , 罗明河 , 李沪萍 编著 | |
| 分册: | ||
| 出版信息: | 北京 科学出版社 2016.06 |
|
| 页数: | 13,357页 | |
| 开本: | 26cm | |
| 丛书名: | ||
| 单 册: | ||
| 中图分类: | TQ03 | |
| 科图分类: | ||
| 主题词: | 化学反应工程 | |
| 电子资源: | ||
| ISBN: | 978-7-03-048762-9 | |
| 000 | 00990nam0 2200277 450 | |
| 001 | 0120161956403 | |
| 005 | 20170424082938.48 | |
| 010 | @a978-7-03-048762-9@dCNY59.00 | |
| 100 | @a20160803d2016 em y0chiy50 ea | |
| 101 | 0 | @achi |
| 102 | @aCN@b110000 | |
| 105 | @aak z 000yy | |
| 106 | @ar | |
| 200 | 1 | @a反应工程原理@9fan ying gong cheng yuan li@f罗康碧,罗明河,李沪萍编著 |
| 205 | @a2版 | |
| 210 | @a北京@c科学出版社@d2016.06 | |
| 215 | @a13,357页@c图@d26cm | |
| 330 | @a本书在介绍化工动力学及流动模型的基础上主要讨论反应器的设计和应用,其内容包括:化学反应动力学、停留时间分布与流动模型、均相反应器、气固相催化反应动力学、气固相固定床催化反应器、气固相流化床催化反应器等。 | |
| 333 | @a从事生产、科研和设计工作的工程技术人员 | |
| 606 | 0 | @a化学反应工程 |
| 690 | @aTQ03@v5 | |
| 701 | 0 | @a罗康碧@9luo kang bi@4编著 |
| 701 | 0 | @a罗明河@9luo ming he@4编著 |
| 701 | 0 | @a李沪萍@9li hu ping@4编著 |
| 801 | 0 | @aCN@b人天书店@c20160803 |
| 905 | @b988370-73@dTQ03@e365=2@f4 | |
| 反应工程原理/罗康碧,罗明河,李沪萍编著.-2版.-北京:科学出版社,2016.06 |
| 13,357页:图;26cm |
| 使用对象:从事生产、科研和设计工作的工程技术人员 |
| ISBN 978-7-03-048762-9:CNY59.00 |
| 本书在介绍化工动力学及流动模型的基础上主要讨论反应器的设计和应用,其内容包括:化学反应动力学、停留时间分布与流动模型、均相反应器、气固相催化反应动力学、气固相固定床催化反应器、气固相流化床催化反应器等。 |
| ● |
| 相关链接 |
|
|
|
|
正题名:反应工程原理
索取号:TQ03/365=2
 
预约/预借
| 序号 | 登录号 | 条形码 | 馆藏地/架位号 | 状态 | 备注 |
| 1 | 988370 | 209883704 | 第二样本阅览室/ [索取号:TQ03/365=2] | 在馆 | |
| 2 | 988371 | 209883713 | 密集书库-物理学院/ [索取号:TQ03/365=2] | 在馆 | |
| 3 | 988372 | 209883722 | 第三借阅区/ [索取号:TQ03/365=2] | 在馆 | |
| 4 | 988373 | 209883731 | 第三借阅区/ [索取号:TQ03/365=2] | 在馆 |